[Event "Campinas - Memorial Antonio Rocha 2011"]
[Site "Campinas BRA"]
[Date "2011.01.23"]
[Round "11.7"]
[White "Vescovi, Giovanni Portilho"]
[Black "Di Berardino, Diego Rafael"]
[Result "1-0"]
[WhiteElo "2631"]
[BlackElo "2490"]
[PlyCount "79"]
[EventDate "2011.01.13"]
[EventType "tourn"]
[EventRounds "13"]
[EventCountry "BRA"]
[EventCategory "8"]
[Source "lmi"]
[SourceDate "2011.01.13"]

1. d4 Nf6 2. c4 e6 3. Nf3 b6 4. g3 Bb7 5. Bg2 Be7 6. O-O O-O 7. Nc3 Ne4 8. Bd2
Bf6 9. Rc1 Nxd2 10. Qxd2 d6 11. b4 Nd7 12. Rfd1 Qe7 13. a3 Rfd8 14. d5 e5 15.
Qc2 g6 16. Ne4 Bg7 17. c5 Nf8 18. c6 Bc8 19. Nc3 h5 20. b5 Nh7 21. a4 a6 22.
bxa6 Rxa6 23. Nd2 h4 24. Nc4 hxg3 25. hxg3 Nf6 26. Rb1 Ra8 27. Rb4 Re8 28. Rdb1
Ba6 29. e4 Ng4 30. Bh3 Qg5 31. Nb5 Bxb5 32. Rxb5 Nh6 33. a5 bxa5 34. Rb7 Qd8
35. Bd7 Rf8 36. Kg2 Bf6 37. Nxd6 cxd6 38. Qa4 Rc8 39. Bxc8 Qxc8 40. c7 1-0

[Event "Campinas - Memorial Antonio Rocha 2011"]
[Site "Campinas BRA"]
[Date "2011.01.24"]
[Round "12.1"]
[White "Mareco, Sandro"]
[Black "Di Berardino, Diego Rafael"]
[Result "0-1"]
[WhiteElo "2627"]
[BlackElo "2490"]
[PlyCount "82"]
[EventDate "2011.01.13"]
[EventType "tourn"]
[EventRounds "13"]
[EventCountry "BRA"]
[EventCategory "8"]
[Source "lmi"]
[SourceDate "2011.01.13"]

1. d4 Nf6 2. c4 e6 3. Nf3 b6 4. g3 Bb7 5. Bg2 Be7 6. O-O O-O 7. Re1 Qc8 8. Bg5
h6 9. Bxf6 Bxf6 10. e4 d6 11. Nc3 c5 12. e5 dxe5 13. d5 exd5 14. cxd5 Rd8 15.
Nxe5 Bxe5 16. Rxe5 Nc6 17. Re3 Nd4 18. Qd3 Qd7 19. Rae1 Re8 20. a3 Rad8 21. b4
Rxe3 22. fxe3 cxb4 23. axb4 Nc6 24. Qb5 Ne5 25. Qxd7 Rxd7 26. Ra1 a6 27. b5 a5
28. e4 Kf8 29. Bh3 Rc7 30. Na4 Rc2 31. Rf1 Ke7 32. Nxb6 Rb2 33. Rf5 Kd6 34. Rf1
Rxb5 35. Na4 Rb4 36. Nc3 Rb2 37. Bg2 Rc2 38. Na4 Bc8 39. h3 Bd7 40. Nb6 Bb5 41.
Ra1 Kc5 0-1

[Event "Campinas - Memorial Antonio Rocha 2011"]
[Site "Campinas BRA"]
[Date "2011.01.24"]
[Round "12.2"]
[White "De Nucci, Gilberto"]
[Black "Vescovi, Giovanni Portilho"]
[Result "0-1"]
[WhiteElo "2066"]
[BlackElo "2631"]
[PlyCount "82"]
[EventDate "2011.01.13"]
[EventType "tourn"]
[EventRounds "13"]
[EventCountry "BRA"]
[EventCategory "8"]
[Source "lmi"]
[SourceDate "2011.01.13"]

1. e4 c5 2. Nf3 d6 3. d4 cxd4 4. Nxd4 Nf6 5. Nc3 g6 6. Bc4 Bg7 7. Bb3 O-O 8. f3
Nc6 9. Be3 Bd7 10. Qd2 Rc8 11. O-O-O Ne5 12. Bh6 Nc4 13. Bxc4 Rxc4 14. Nde2
Bxh6 15. Qxh6 b5 16. h4 b4 17. Nd5 Nxd5 18. Rxd5 Qc7 19. c3 f6 20. b3 Rc5 21.
Rxc5 Qxc5 22. c4 a5 23. Qd2 Be6 24. Qd4 Qc7 25. Nf4 Bf7 26. Nd5 Qb7 27. g4 a4
28. g5 axb3 29. gxf6 Bxd5 30. fxe7 Ra8 31. Qxd5+ Qxd5 32. exd5 Kf7 33. Kb2 bxa2
34. Ra1 h5 35. f4 Ra3 36. Rxa2 Rc3 37. c5 Rxc5 38. Kb3 Kxe7 39. Re2+ Kf7 40.
Re4 Rxd5 41. Kxb4 Rd3 0-1

[Event "Campinas - Memorial Antonio Rocha 2011"]
[Site "Campinas BRA"]
[Date "2011.01.24"]
[Round "12.4"]
[White "Tsuboi, Edson Kenji"]
[Black "Rodriguez Vila, Andres"]
[Result "0-1"]
[WhiteElo "2380"]
[BlackElo "2511"]
[PlyCount "86"]
[EventDate "2011.01.13"]
[EventType "tourn"]
[EventRounds "13"]
[EventCountry "BRA"]
[EventCategory "8"]
[Source "lmi"]
[SourceDate "2011.01.13"]

1. e4 e5 2. Nf3 Nc6 3. Bb5 a6 4. Bxc6 dxc6 5. O-O Bg4 6. h3 h5 7. d3 Qf6 8.
Nbd2 Ne7 9. Re1 Ng6 10. d4 Bd6 11. hxg4 hxg4 12. Nh2 Rxh2 13. Qxg4 Rh4 14. Qf5
Ne7 15. Qxf6 gxf6 16. Nf3 Rg4 17. dxe5 fxe5 18. Nh2 Rg7 19. f3 O-O-O 20. Ng4 f5
21. exf5 Nxf5 22. Ne3 Bc5 23. Kf1 Ng3+ 24. Kf2 e4 25. a4 exf3 26. gxf3 Rf8 27.
Bd2 Nf5 28. b4 Ba7 29. Ra3 Nd4 30. Rf1 Re7 31. Rc3 Nxf3 32. Ke2 Bxe3 33. Rxe3
Nd4+ 34. Kd3 Rxe3+ 35. Bxe3 Rxf1 36. Bxd4 b6 37. Kc3 Rb1 38. Be3 a5 39. bxa5
bxa5 40. Bc5 Kd7 41. Kc4 Ke6 42. Bf8 Ra1 43. Kb3 Kd5 0-1

[Event "Campinas - Memorial Antonio Rocha 2011"]
[Site "Campinas BRA"]
[Date "2011.01.24"]
[Round "12.5"]
[White "Zambrana, Osvaldo"]
[Black "Leitao, Rafael Duailibe"]
[Result "1/2-1/2"]
[WhiteElo "2513"]
[BlackElo "2609"]
[PlyCount "38"]
[EventDate "2011.01.13"]
[EventType "tourn"]
[EventRounds "13"]
[EventCountry "BRA"]
[EventCategory "8"]
[Source "lmi"]
[SourceDate "2011.01.13"]

1. e4 e5 2. Nf3 Nc6 3. Bc4 Bc5 4. O-O Nf6 5. d3 d6 6. c3 a6 7. Bb3 O-O 8. h3 h6
9. Re1 Re8 10. Nbd2 Be6 11. Nh2 d5 12. Qf3 Qd7 13. Ndf1 dxe4 14. dxe4 Bxb3 15.
axb3 Qe6 16. Ng3 Bf8 17. Nf5 Ne7 18. Ng4 Nxg4 19. Qxg4 Kh7 1/2-1/2

[Event "Campinas - Memorial Antonio Rocha 2011"]
[Site "Campinas BRA"]
[Date "2011.01.24"]
[Round "12.6"]
[White "Name, Gabriel Ricardo S"]
[Black "Santos, Marcus Vinicius M"]
[Result "1/2-1/2"]
[WhiteElo "2138"]
[BlackElo "2365"]
[PlyCount "90"]
[EventDate "2011.01.13"]
[EventType "tourn"]
[EventRounds "13"]
[EventCountry "BRA"]
[EventCategory "8"]
[Source "lmi"]
[SourceDate "2011.01.13"]

1. d4 d5 2. Nf3 Nf6 3. c4 e6 4. cxd5 exd5 5. Bg5 c6 6. Nc3 Be7 7. e3 Bf5 8. Be2
O-O 9. O-O Nbd7 10. a3 a5 11. Rc1 Ne4 12. Bf4 Nxc3 13. Rxc3 a4 14. h3 Nf6 15.
Bd3 Bxd3 16. Qxd3 Ne4 17. Rc2 Bd6 18. Bxd6 Nxd6 19. Nd2 Re8 20. Rb1 Ra6 21. Re1
Qh4 22. Nf3 Qe7 23. Qd1 f6 24. Ree2 b5 25. Ne1 Nc4 26. Nd3 Qd6 27. Qe1 Ra7 28.
Qb4 Qxb4 29. Nxb4 Re6 30. Nd3 Kf7 31. Ne1 Re8 32. Nd3 Rae7 33. Kf1 Ke6 34. Ke1
Kd6 35. Kd1 g5 36. Ke1 h5 37. g3 Rh7 38. Kf1 h4 39. g4 f5 40. gxf5 Rf7 41. Kg2
Rxf5 42. Rc1 Re4 43. Kh2 g4 44. hxg4 Rxg4 45. Rg1 Rxg1 1/2-1/2

[Event "Campinas - Memorial Antonio Rocha 2011"]
[Site "Campinas BRA"]
[Date "2011.01.25"]
[Round "13.2"]
[White "Santos, Marcus Vinicius M"]
[Black "Stamenkovic, Dragan"]
[Result "1/2-1/2"]
[WhiteElo "2365"]
[BlackElo "2370"]
[PlyCount "23"]
[EventDate "2011.01.13"]
[EventType "tourn"]
[EventRounds "13"]
[EventCountry "BRA"]
[EventCategory "8"]
[Source "lmi"]
[SourceDate "2011.01.13"]

1. e4 c6 2. d4 d5 3. exd5 cxd5 4. Bd3 Nf6 5. c3 Nc6 6. Bf4 Bg4 7. Qb3 Qd7 8.
Nd2 e6 9. Ngf3 Bxf3 10. Nxf3 a6 11. O-O Be7 12. Rfe1 1/2-1/2

[Event "Campinas - Memorial Antonio Rocha 2011"]
[Site "Campinas BRA"]
[Date "2011.01.25"]
[Round "13.4"]
[White "Rodriguez Vila, Andres"]
[Black "Zambrana, Osvaldo"]
[Result "1/2-1/2"]
[WhiteElo "2511"]
[BlackElo "2513"]
[PlyCount "113"]
[EventDate "2011.01.13"]
[EventType "tourn"]
[EventRounds "13"]
[EventCountry "BRA"]
[EventCategory "8"]
[Source "lmi"]
[SourceDate "2011.01.13"]

1. e4 c5 2. Nf3 e6 3. c3 d5 4. d3 Nc6 5. Nbd2 g6 6. g3 Bg7 7. Bg2 Nge7 8. O-O
O-O 9. a4 b6 10. Re1 Ba6 11. Bf1 Qc7 12. e5 d4 13. Qe2 dxc3 14. bxc3 Rad8 15.
Nc4 Na5 16. Bg5 Nxc4 17. dxc4 Bb7 18. Bg2 h6 19. Bf6 Kh7 20. a5 Bxf6 21. exf6
Ng8 22. axb6 axb6 23. Qe5 Qxe5 24. Nxe5 Bxg2 25. Kxg2 Nxf6 26. Ra7 Kg7 27. Rb1
Rd6 28. Rb7 Ne4 29. R1xb6 Rxb6 30. Rxb6 Ra8 31. Rb7 Nd6 32. Rd7 Ra6 33. h4 Kf8
34. f4 Ke8 35. Rc7 Ra2+ 36. Kf3 Rc2 37. Rxc5 Rxc3+ 38. Ke2 f6 39. Nxg6 Rxg3 40.
h5 Rh3 41. Rc7 Kd8 42. Rh7 Nf5 43. Nf8 Nd4+ 44. Kd2 e5 45. fxe5 fxe5 46. Rxh6
Kc7 47. Rh7+ Kc6 48. Ng6 Kd6 49. c5+ Kxc5 50. Nxe5 Kd5 51. Ng4 Ke6 52. h6 Nf3+
53. Ke2 Ne5 54. Nf2 Rh4 55. Ra7 Nf7 56. Ra6+ Kf5 57. Ra5+ 1/2-1/2

[Event "Campinas - Memorial Antonio Rocha 2011"]
[Site "Campinas BRA"]
[Date "2011.01.25"]
[Round "13.7"]
[White "Di Berardino, Diego Rafael"]
[Black "De Nucci, Gilberto"]
[Result "1-0"]
[WhiteElo "2490"]
[BlackElo "2066"]
[PlyCount "99"]
[EventDate "2011.01.13"]
[EventType "tourn"]
[EventRounds "13"]
[EventCountry "BRA"]
[EventCategory "8"]
[Source "lmi"]
[SourceDate "2011.01.13"]

1. d4 Nf6 2. c4 c5 3. d5 e5 4. Nc3 d6 5. e4 Nbd7 6. Bd3 Be7 7. Nge2 h5 8. h4
Nh7 9. g3 a6 10. Be3 Nhf6 11. f3 Rb8 12. Qd2 Qc7 13. b3 Nf8 14. a3 Ng6 15. b4
b6 16. Rb1 O-O 17. Kf2 Nh7 18. Kg2 Bd7 19. Rb2 Qc8 20. Bf2 Bd8 21. bxc5 bxc5
22. Rxb8 Qxb8 23. Rb1 Qc7 24. Nd1 f5 25. exf5 Bxf5 26. Bxf5 Rxf5 27. Qd3 Ne7
28. Ndc3 Rf8 29. Ne4 Nf5 30. Rb3 Qf7 31. Rb8 Qg6 32. Kh2 Nd4 33. Bxd4 exd4 34.
Ng1 Nf6 35. Nxf6+ Qxf6 36. Nh3 Ba5 37. Rxf8+ Kxf8 38. Ng5 Ke8 39. Qb1 Bd8 40.
Kg2 Qh6 41. Qf5 Qf6 42. Qh7 Kd7 43. Ne6 Be7 44. Qb1 Ke8 45. Qb8+ Kd7 46. Qa8
Bd8 47. Qb7+ Ke8 48. Nxg7+ Kf8 49. Ne6+ Ke8 50. Qh7 1-0